| 000 | 00499nam a2200145 4500 | ||
|---|---|---|---|
| 999 |
_c10168 _d10168 |
||
| 008 | 180803b ||||| |||| 00| 0 eng d | ||
| 022 | _a2094-8042 | ||
| 082 | _aDPer 370.105 M72 June 2010-Mar 2011 v. 59 n. 1-10 | ||
| 100 |
_930000 _aAdriano, Violeta S. |
||
| 245 |
_aThe shade of summer/ _cVioleta S. Adriano. |
||
| 260 |
_aPhilippines; _bIn The Grade School, Inc., _cc2010-2011. |
||
| 300 |
_av59 n10, pages 420-421: _bIllustrations; _c27cm. |
||
| 650 | 0 |
_930001 _aSummer schools. |
|
| 942 |
_2ddc _cPER |
||